000 00536nam a2200181Ia 4500
999 _c437
_d437
020 _a0-04-029002-6
082 _a025.48 KNI-;
100 _aKnight, G. Norman
245 0 _aIndexing, the art of: a guide to the indexing of books and periodicals
260 _aLondon
_bGeorge Allen & Unwin
_c1979
300 _a218p.
504 _aIncludes index
650 _aPeriodicals - Abstracting and indexing
650 _aIndexing - Study and teaching
650 _aLibrary science
650 _aBooks - Abstracting and indexing
942 _cBK